000 03877cam a2200373 a 4500
999 _c112374
_d112374
003 BJBSDDR
005 20240718163545.0
007 ta
008 090419s2005 enka f b 001 0 eng
020 _a0745322999 (hbk.)
020 _a0745322980 (pbk.)
035 _a(OCoLC)ocm56760256
040 _aUKM
_cUKM
_bspa
041 _aeng
042 _alccopycat
050 0 0 _aJC 574
_bN438 2005
082 0 4 _a320.513
_222
245 0 0 _aNeoliberalism :
_ba critical reader /
_cedited by Alfredo Saad-Filho and Deborah Johnston.
260 _aLondon ;
_aAnn Arbor, MI :
_bPluto Press,
_c2005.
300 _axi, 268 p. :
_bill. ;
_c24 cm.
504 _aIncludes bibliographical references and index.
505 _aAcknowledgementsContributorsIntroduction by Alfredo Saad-Filho and Deborah JohnstonPart 1: Theoretical Perspectives1. The Neoliberal (Counter-)Revolution by Gerard Dumenil and Dominique Levy2. From Keynesianism to Neoliberalism. Shifting Paradigms in Economics by Thomas I. Palley3. Mainstream Economics in the Neoliberal Era by Costas Lapavitsas4. The Economic Mythology of Neoliberalism by Anwar Shaikh5. The Neoliberal Theory of Society by Simon Clarke6. Neoliberalism and Politics, and the Politics of Neoliberalism by Ronaldo Munck7. Neoliberalism, Globalisation and International Relations by Alejandro ColasPart 2: Surveying the Landscape8. Neoliberalism and Primitive Accumulation in LDCs by Terence J. Byres9. Neoliberal Globalization. Imperialism without Empires? by Hugo Radice10. Neoliberalism in International Trade. Sound Economics or a Question of Faith? by Sonali Deranyiagala11. `A Haven of Familiar Monetary Practice' The Neoliberal Dream in International Money and Finance by Jan Toporowski12. From Washington to Post-Washington Consensus. Neoliberal Agendas for Economic Development by Alfredo Saad-Filho13. Foreign Aid, Neoliberalism and US Imperialism by Henry Veltmeyer and James Petras14. Sticks and Carrots for Farmers in Developing Countries. Agrarian Neoliberal in Theory and Practice by Carlos Oya15. Poverty and Distribution. Back on the Neoliberal Agenda? by Deborah Johnston16. The Welfare State and Neoliberalism by Susanne MacGregor17. Neoliberalism, the New Right and Sexual Politics by Lesley Hoggart18. Neoliberal Agendas for Higher Education by Les Levidow19. Neoliberalism and Civil Society. Project and Possibilities by Subir Sinha20. Neoliberalism and Democracy. Market Power versus Democratic Power by Arthur MacEwan21. Neoliberalism and the Third Way by Philip Arestis and Malcom SawyerPart 3: Neoliberal Experiences22. The Birth of Neoliberalism in the US. A Reorganisation of Capitalism by Al Campbell23. The Neoliberal Experience of the UK - Philip Arestis and Malcom Sawyer24. European Integration as a Vehicle of Neoliberal Hegemony by John Milios25. Neoliberalism. The Eastern European Frontier by Jan Toporowski26. The Political Economy of Neoliberalism in Latin America by Alfredo Saad-Filho27. Neoliberalism in Sub-Saharan Africa. From Structural Adjustment to NEPAD by Patrick Bond28. Neoliberalism and South Asia. The Case of a Narrowing Discourse by Matthew McCartney29. Assessing Neoliberalism in Japan by Makoto Itoh30. Neoliberal Restructuring of Capital Relations in East and Southeast Asia by Dae-oup Chang
520 _aA great resource for students of politics and economics, and anyone looking for a grounded critical approach to this broad subject.
650 0 _aLiberalism.
650 0 _aNeoliberalism.
650 4 _aLiberalismo
_92551
650 0 _aConservatismo
_zEstados Unidos
_92813
700 1 _aSaad-Filho, Alfredo,
_d1964-
_92777
700 1 _aJohnston, Deborah.
_92778
906 _a7
_bcbc
_ccopycat
_d2
_encip
_f20
_gy-gencatlg
942 _2lcc
_cBK
946 _iLMF